000 00572nam a22001457a 4500
020 _a978-1-846-07597-1
082 _a823
_bGUE/P
100 _aGUERRIER, SIMON
245 _aTHE PIRATE LOOP
_bDOCTOR - WHO
260 _aUNITED KINGDOM
_bBBC BOOKS
_c2008
300 _a237
520 _a After escaping from over-eager serving robots in Milky-Pink City, Martha asks the Doctor about the Starship Brilliant, which mysteriously disappeared. He agrees to investigate, but the TARDIS crashes on arrival and Martha is knocked out.
650 _aNOVEL
_zUNITED KINGDOM
942 _cBK
999 _c3214
_d3214